[Event "Titled Tuesday intern op 02nd Apr Early"]
[Site "Chess.com INT"]
[Date "2024.04.02"]
[Round "11"]
[White "Abel Mathewos, Tilahun"]
[Black "Kriti, Mayur Patel"]
[Result "1-0"]
[WhiteElo "1972"]
[BlackElo "1787"]
[PlyCount "49"]
[EventDate "2024.04.02"]
[EventType "swiss (blitz)"]
[EventRounds "11"]
[EventCountry "USA"]
[SourceTitle "CB15_2024"]
[SourceDate "2024.04.10"]
[SourceVersion "1"]
[SourceVersionDate "2024.04.10"]
[SourceQuality "1"]

1. d4 d5 2. c4 e6 3. Nf3 Nf6 4. Nc3 Be7 5. Bf4 0-0 6. e3 c6 7. c5 b6 8. b4 Bb7 9. Bd3 Nbd7 10. 0-0 a5 11. a3 axb4 12. axb4 Rxa1 13. Qxa1 Qa8 14. Qb2 bxc5 15. bxc5 Nh5 16. Be5 Nxe5 17. Nxe5 Rd8 18. Rb1 Bc8 19. Ra1 Qb7 20. Qxb7 Bxb7 21. Ra7 Rb8 22. Nd7 Ra8 23. Rxb7 g6 24. Rb8+ Rxb8 25. Nxb8 1-0

[Event "Titled Tuesday intern op 02nd Apr Early"]
[Site "Chess.com INT"]
[Date "2024.04.02"]
[Round "8"]
[White "Abel Mathewos, Tilahun"]
[Black "Nimay, Agrawal"]
[Result "1-0"]
[WhiteElo "1972"]
[BlackElo "1843"]
[PlyCount "65"]
[EventDate "2024.04.02"]
[EventType "swiss (blitz)"]
[EventRounds "11"]
[EventCountry "USA"]
[SourceTitle "CB15_2024"]
[SourceDate "2024.04.10"]
[SourceVersion "1"]
[SourceVersionDate "2024.04.10"]
[SourceQuality "1"]

1. d4 d5 2. c4 e6 3. Nf3 Nf6 4. Nc3 Be7 5. Bf4 0-0 6. e3 b6 7. cxd5 Nxd5 8. Nxd5 Qxd5 9. a3 c5 10. Bd3 Ba6 11. Bxa6 Nxa6 12. 0-0 cxd4 13. exd4 Rad8 14. Qe2 Nb8 15. Rfd1 Bf6 16. Be5 Nd7 17. h3 Be7 18. Rac1 Nf6 19. Rc7 Rd7 20. Rdc1 h6 21. Qa6 Bd8 22. Rxa7 Rxa7 23. Qxa7 Qb3 24. Rc8 Ne4 25. Qd7 Qd1+ 26. Kh2 Nxf2 27. Kg3 Ne4+ 28. Kf4 Bg5+ 29. Kg4 Nf2+ 30. Kg3 Ne4+ 31. Kg4 f5+ 32. Kh5 Nf6+ 33. Bxf6 1-0

[Event "Titled Tuesday intern op 02nd Apr Early"]
[Site "Chess.com INT"]
[Date "2024.04.02"]
[Round "7"]
[White "Malikova, Marjona"]
[Black "Abel Mathewos, Tilahun"]
[Result "1-0"]
[WhiteElo "1999"]
[BlackElo "1972"]
[PlyCount "25"]
[EventDate "2024.04.02"]
[EventType "swiss (blitz)"]
[EventRounds "11"]
[EventCountry "USA"]
[SourceTitle "CB15_2024"]
[SourceDate "2024.04.10"]
[SourceVersion "1"]
[SourceVersionDate "2024.04.10"]
[SourceQuality "1"]

1. e4 e6 2. d4 d5 3. Nd2 Nc6 4. Ngf3 Nf6 5. Bd3 Nb4 6. Qe2 Be7 7. 0-0 Nxd3 8. Qxd3 dxe4 9. Nxe4 0-0 10. c3 b6 11. Nfg5 Bb7 12. Nxf6+ Bxf6 13. Qxh7# 1-0

[Event "Titled Tuesday intern op 13th Feb Early"]
[Site "Chess.com INT"]
[Date "2024.02.13"]
[Round "6"]
[White "Abel Mathewos, Tilahun"]
[Black "Merriman, John"]
[Result "1/2-1/2"]
[WhiteElo "1953"]
[BlackElo "2251"]
[PlyCount "73"]
[EventDate "2024.02.13"]
[EventType "swiss (blitz)"]
[EventRounds "11"]
[EventCountry "USA"]
[SourceTitle "CB08_2024"]
[SourceDate "2024.02.21"]
[SourceVersion "1"]
[SourceVersionDate "2024.02.21"]
[SourceQuality "1"]

1. d4 Nf6 2. c4 c5 3. Nf3 cxd4 4. Nxd4 Nc6 5. g3 g6 6. Bg2 Bg7 7. 0-0 0-0 8. Nc3 Nxd4 9. Qxd4 d6 10. c5 Nd7 11. Qh4 Nxc5 12. Bg5 Re8 13. Nd5 Bf8 14. Rac1 Be6 15. b4 Na6 16. a3 Qd7 17. Nf4 Bf5 18. Nd5 Be6 19. Nf4 Rac8 20. Nxe6 fxe6 21. Bh3 Nc7 22. Qe4 d5 23. Qe3 Bg7 24. Rxc7 Qxc7 25. Bxe6+ Kh8 26. h4 Qd6 27. Bxc8 Rxc8 28. Qxa7 Rc3 29. Qxb7 Rxg3+ 30. fxg3 Qxg3+ 31. Kh1 Qh3+ 32. Kg1 Bd4+ 33. e3 Qg3+ 34. Kh1 Qh3+ 35. Kg1 Qg3+ 36. Kh1 Qh3+ 37. Kg1 1/2-1/2

[Event "Titled Tuesday intern op 13th Feb Early"]
[Site "Chess.com INT"]
[Date "2024.02.13"]
[Round "1"]
[White "Kozin, Yuri"]
[Black "Abel Mathewos, Tilahun"]
[Result "1-0"]
[WhiteElo "2251"]
[BlackElo "1953"]
[PlyCount "79"]
[EventDate "2024.02.13"]
[EventType "swiss (blitz)"]
[EventRounds "11"]
[EventCountry "USA"]
[SourceTitle "CB08_2024"]
[SourceDate "2024.02.21"]
[SourceVersion "1"]
[SourceVersionDate "2024.02.21"]
[SourceQuality "1"]

1. e4 e6 2. d4 d5 3. Nc3 dxe4 4. Nxe4 Nd7 5. Nf3 Ngf6 6. Nxf6+ Nxf6 7. c3 Be7 8. Ne5 0-0 9. Bd3 Bd7 10. Qf3 Rb8 11. Be3 Nd5 12. 0-0-0 Nxe3 13. fxe3 Bc6 14. Nxc6 bxc6 15. Qxc6 Rb6 16. Qe4 f5 17. Qf3 Qb8 18. Rd2 a5 19. Bc4 a4 20. Re1 Kh8 21. g3 Bg5 22. h4 Be7 23. e4 Ba3 24. Qg2 f4 25. gxf4 Rxf4 26. Bd3 Be7 27. h5 Qf8 28. Kc2 h6 29. Bc4 Bg5 30. Rde2 Qb8 31. b3 axb3+ 32. Bxb3 c5 33. dxc5 Rc6 34. Qg1 Qc7 35. Qd4 Rxc5 36. Qd3 Bf6 37. e5 Bg5 38. Bxe6 Qa5 39. Bb3 Qc7 40. Rg1 1-0

[Event "Titled Tuesday intern op 06th Feb Early"]
[Site "Chess.com INT"]
[Date "2024.02.06"]
[Round "8"]
[White "Abel Mathewos, Tilahun"]
[Black "Zaksaite, Salomeja"]
[Result "0-1"]
[WhiteElo "1953"]
[BlackElo "2212"]
[PlyCount "88"]
[EventDate "2024.02.06"]
[EventType "swiss (blitz)"]
[EventRounds "11"]
[EventCountry "USA"]
[SourceTitle "CB07_2024"]
[SourceDate "2024.02.14"]
[SourceVersion "1"]
[SourceVersionDate "2024.02.14"]
[SourceQuality "1"]

1. d4 Nf6 2. c4 g6 3. Nf3 Bg7 4. g3 0-0 5. Bg2 c6 6. 0-0 d5 7. b3 dxc4 8. bxc4 c5 9. Bb2 cxd4 10. Bxd4 Nc6 11. Bb2 Be6 12. Nbd2 Rc8 13. Rc1 Qa5 14. Nb3 Qxa2 15. Qc2 Nb4 16. Qc3 Rxc4 17. Ra1 Rxc3 18. Rxa2 Rxb3 19. Bxf6 Bxf6 20. Rxa7 Nc6 21. Ra4 b5 22. Ra6 Nd4 23. Nxd4 Bxd4 24. Rd1 Bc5 25. Bd5 Bxd5 26. Rxd5 Bd6 27. e4 f6 28. Kg2 Rc8 29. f4 Rc5 30. Rd2 Rc4 31. Re2 Ra3 32. Rb6 b4 33. e5 fxe5 34. fxe5 Bc5 35. Rb8+ Kf7 36. e6+ Kg7 37. Rd2 b3 38. Rdd8 Ra2+ 39. Kh3 Rb4 40. Rbc8 b2 41. Rg8+ Kh6 42. Rxc5 b1Q 43. g4 Rb3+ 44. Kh4 Rxh2# 0-1

[Event "Titled Tuesday intern op 06th Feb Early"]
[Site "Chess.com INT"]
[Date "2024.02.06"]
[Round "7"]
[White "Levitan, Caleb Levi"]
[Black "Abel Mathewos, Tilahun"]
[Result "0-1"]
[WhiteElo "2265"]
[BlackElo "1953"]
[PlyCount "122"]
[EventDate "2024.02.06"]
[EventType "swiss (blitz)"]
[EventRounds "11"]
[EventCountry "USA"]
[SourceTitle "CB07_2024"]
[SourceDate "2024.02.14"]
[SourceVersion "1"]
[SourceVersionDate "2024.02.14"]
[SourceQuality "1"]

1. e4 e6 2. d4 d5 3. Nc3 dxe4 4. Nxe4 Nd7 5. Nf3 Ngf6 6. Bd3 Be7 7. 0-0 b6 8. c3 Bb7 9. Qe2 0-0 10. h3 Nxe4 11. Bxe4 Bxe4 12. Qxe4 Nf6 13. Qe2 c5 14. Bf4 cxd4 15. Nxd4 Nd5 16. Be5 Rc8 17. Rad1 Bd6 18. Bxd6 Qxd6 19. g3 Qe7 20. Rfe1 Rfd8 21. Qf3 Qc5 22. Nb3 Qb5 23. Rd4 Nf6 24. Red1 Rxd4 25. Rxd4 h6 26. Qd3 Qxd3 27. Rxd3 Kf8 28. Kg2 Ke7 29. Kf3 Nd5 30. Nd4 a6 31. h4 b5 32. Nf5+ Kf6 33. Nd6 Rc6 34. Ne4+ Ke7 35. a3 Nb6 36. Ke3 Nc4+ 37. Ke2 Nxb2 38. Nd2 Nxd3 39. Kxd3 Rd6+ 40. Kc2 f5 41. Nb3 e5 42. Nc5 g5 43. hxg5 hxg5 44. Nd3 Kf6 45. Nc5 f4 46. Ne4+ Ke6 47. Nxg5+ Kf5 48. Nf7 Rf6 49. g4+ Ke6 50. Ng5+ Ke7 51. f3 Rh6 52. Kd3 Rh1 53. Ke4 Kf6 54. Kd3 Ra1 55. Ne4+ Ke6 56. Nc5+ Kd5 57. Nxa6 Rxa3 58. Nc7+ Kc6 59. Ne6 b4 60. Kc4 bxc3 61. Nd8+ Kd7 0-1

[Event "Titled Tuesday intern op 16th Jan Early"]
[Site "Chess.com INT"]
[Date "2024.01.16"]
[Round "1"]
[White "Abel Mathewos, Tilahun"]
[Black "Karamsetty, Jeevan"]
[Result "0-1"]
[WhiteElo "1953"]
[BlackElo "2211"]
[PlyCount "72"]
[EventDate "2024.01.16"]
[EventType "swiss (blitz)"]
[EventRounds "11"]
[EventCountry "USA"]
[SourceTitle "CB04_2024"]
[SourceDate "2023.10.16"]
[SourceVersion "1"]
[SourceVersionDate "2023.10.16"]
[SourceQuality "1"]

1. d4 Nf6 2. c4 e6 3. Nf3 d5 4. Nc3 Be7 5. Bf4 0-0 6. e3 c5 7. dxc5 Bxc5 8. a3 a5 9. Bd3 Nc6 10. 0-0 h6 11. h3 Re8 12. cxd5 exd5 13. Nb5 Bb6 14. Rc1 Ne4 15. Qc2 Qf6 16. Bc7 Ba7 17. Bf4 g5 18. Nc7 gxf4 19. Nxa8 fxe3 20. Nc7 exf2+ 21. Kh1 Ng3+ 22. Kh2 Qf4 23. Bh7+ Kh8 24. Rxf2 Qxc7 25. Kg1 Bxf2+ 26. Qxf2 Kxh7 27. Nh4 Ne4 28. Qe3 Qg3 29. Nf3 Bxh3 30. Rc2 Bg4 31. Re2 Bxf3 32. Qxf3 Qxf3 33. gxf3 Rg8+ 34. Kf1 Ng3+ 35. Kf2 Nxe2 36. Kxe2 Rg2+ 0-1

[Event "Titled Tuesday intern op 09th Jan Early"]
[Site "Chess.com INT"]
[Date "2024.01.09"]
[Round "3"]
[White "Abel Mathewos, Tilahun"]
[Black "Hercegovac, Neven"]
[Result "0-1"]
[WhiteElo "1953"]
[BlackElo "2301"]
[PlyCount "80"]
[EventDate "2024.01.09"]
[EventType "swiss (blitz)"]
[EventRounds "11"]
[EventCountry "USA"]
[SourceTitle "CB03_2024"]
[SourceDate "2024.01.17"]
[SourceVersion "1"]
[SourceVersionDate "2024.01.17"]
[SourceQuality "1"]

1. d4 d5 2. c4 c6 3. Nf3 Nf6 4. Nc3 e6 5. e3 Nbd7 6. Bd3 dxc4 7. Bxc4 b5 8. Bd3 Bb7 9. e4 b4 10. e5 bxc3 11. exf6 Nxf6 12. bxc3 Be7 13. 0-0 0-0 14. Rb1 Rb8 15. Ne5 c5 16. Bf4 Nd5 17. Bd2 cxd4 18. cxd4 g6 19. Bh6 Re8 20. Qf3 Bf6 21. Be4 Qe7 22. Rxb7 Rxb7 23. Nc6 Qd6 24. Ne5 Bxe5 25. dxe5 Qxe5 26. g3 Rb2 27. Kg2 f5 28. Bd3 Nb4 29. Bc4 Qe4 30. Qxe4 fxe4 31. Re1 Nd3 32. Bxd3 exd3 33. Rd1 Rd8 34. Bg5 Rd7 35. Be3 Rxa2 36. Rb1 d2 37. Rb8+ Kf7 38. Rh8 d1Q 39. Rxh7+ Kg8 40. Rh4 Rdd2 0-1

[Event "Titled Tuesday intern op 09th Jan Early"]
[Site "Chess.com INT"]
[Date "2024.01.09"]
[Round "10"]
[White "Abel Mathewos, Tilahun"]
[Black "Teillet, Benoit"]
[Result "0-1"]
[WhiteElo "1953"]
[BlackElo "2218"]
[PlyCount "86"]
[EventDate "2024.01.09"]
[EventType "swiss (blitz)"]
[EventRounds "11"]
[EventCountry "USA"]
[SourceTitle "CB03_2024"]
[SourceDate "2024.01.17"]
[SourceVersion "1"]
[SourceVersionDate "2024.01.17"]
[SourceQuality "1"]

1. d4 d6 2. c4 Nf6 3. Nc3 g6 4. e4 Bg7 5. f3 0-0 6. Be3 e5 7. Nge2 Nbd7 8. Qd2 c6 9. 0-0-0 Qa5 10. Kb1 b5 11. Nd5 Qd8 12. Nxf6+ Bxf6 13. Bh6 Re8 14. d5 c5 15. cxb5 a6 16. Nc3 axb5 17. Bxb5 Qb6 18. Bc6 Rb8 19. h4 Re7 20. h5 Bb7 21. hxg6 fxg6 22. g4 c4 23. Bxd7 Rxd7 24. Rh2 Ba6 25. Bg5 Bh8 26. Be3 Qb4 27. Rc1 Rdb7 28. Bg5 Qa5 29. Rch1 Rxb2+ 30. Qxb2 Rxb2+ 31. Rxb2 Qxc3 32. Rb8+ Kg7 33. Bh6+ Kf7 34. Rf8+ Ke7 35. Rxh8 Qd3+ 36. Kc1 c3 37. Rxh7+ Kd8 38. Bg5+ Kc8 39. Rh8+ Kb7 40. R1h7+ Kb6 41. Rb8+ Ka5 42. Rb3 Bc4 43. Ra3+ Kb4 0-1

[Event "Titled Tuesday intern op 09th Jan Early"]
[Site "Chess.com INT"]
[Date "2024.01.09"]
[Round "5"]
[White "Cardozo Munar, Carlos Eduardo"]
[Black "Abel Mathewos, Tilahun"]
[Result "1-0"]
[WhiteElo "2043"]
[BlackElo "1953"]
[PlyCount "97"]
[EventDate "2024.01.09"]
[EventType "swiss (blitz)"]
[EventRounds "11"]
[EventCountry "USA"]
[SourceTitle "CB03_2024"]
[SourceDate "2024.01.17"]
[SourceVersion "1"]
[SourceVersionDate "2024.01.17"]
[SourceQuality "1"]

1. d4 d5 2. c3 e6 3. Nf3 Bd6 4. Nbd2 Nf6 5. e3 0-0 6. Bd3 b6 7. Qe2 Bb7 8. e4 dxe4 9. Nxe4 Nxe4 10. Bxe4 Bxe4 11. Qxe4 Nd7 12. Bg5 Be7 13. h4 c5 14. Rd1 h6 15. dxc5 Qe8 16. cxb6 Nc5 17. Qc2 axb6 18. Bxe7 Qxe7 19. a3 e5 20. 0-0 e4 21. Rfe1 Qf6 22. Rxe4 Nxe4 23. Qxe4 Rad8 24. Rf1 Rfe8 25. Qb4 Re2 26. a4 Rde8 27. Qb5 g6 28. h5 g5 29. Nd4 R2e5 30. Qd3 Re1 31. Nf5 Rxf1+ 32. Kxf1 Re5 33. Ng3 Qe6 34. Qd2 Rd5 35. Qe2 Re5 36. Qd2 Rd5 37. Qe2 Re5 38. Qd1 Kg7 39. f3 Rd5 40. Qe2 Re5 41. Qd3 f5 42. Qd4 Kf7 43. Qd2 Qc6 44. Ne2 Qc4 45. Kf2 Qh4+ 46. Kg1 Qc4 47. Qd7+ Kf6 48. Qd8+ Re7 49. Nd4 1-0

[Event "Titled Tuesday intern op 12th Dec Early"]
[Site "Chess.com INT"]
[Date "2023.12.12"]
[Round "11"]
[White "Abel Mathewos, Tilahun"]
[Black "Petrova, Irina"]
[Result "0-1"]
[WhiteElo "1953"]
[BlackElo "2108"]
[PlyCount "96"]
[EventDate "2023.12.12"]
[EventType "swiss (blitz)"]
[EventRounds "11"]
[EventCountry "USA"]
[SourceTitle "CB51_2023"]
[SourceDate "2023.12.20"]
[SourceVersion "1"]
[SourceVersionDate "2023.12.20"]
[SourceQuality "1"]

1. d4 d6 2. c4 e5 3. e3 Nc6 4. Nc3 g6 5. d5 Nce7 6. g3 Bg7 7. Bg2 f5 8. Nge2 Nf6 9. f4 0-0 10. 0-0 c5 11. a4 e4 12. Bd2 a6 13. a5 Bd7 14. Na4 Rb8 15. Nb6 Nc8 16. Nxd7 Qxd7 17. Bc3 Ne7 18. Bh3 h5 19. Qd2 Kf7 20. Bg2 h4 21. Kf2 Rh8 22. Rh1 hxg3+ 23. hxg3 Ng4+ 24. Kg1 Rxh1+ 25. Bxh1 Rh8 26. Bxg7 Kxg7 27. Qc3+ Kg8 28. Bg2 Nc8 29. Rb1 Qg7 30. Qxg7+ Kxg7 31. b4 b6 32. bxc5 bxc5 33. Rb7+ Kf6 34. Nc3 Nxe3 35. Na4 Nxc4 36. Rb6 N8xb6 37. axb6 Rb8 38. Bf1 Nxb6 39. Nc3 a5 40. Bb5 a4 41. Nxa4 Nxa4 42. Bxa4 c4 43. Kf2 c3 44. Ke2 Rb2+ 45. Kd1 e3 46. Bb5 Rd2+ 47. Ke1 c2 48. Bd3 c1Q# 0-1

[Event "Titled Tuesday intern op 22nd Aug Early"]
[Site "Chess.com INT"]
[Date "2023.08.22"]
[Round "4"]
[White "Abel Mathewos, Tilahun"]
[Black "Farmani Anosheh, Armin"]
[Result "0-1"]
[WhiteElo "1953"]
[BlackElo "2284"]
[PlyCount "74"]
[EventDate "2023.08.22"]
[EventType "swiss (blitz)"]
[EventRounds "11"]
[EventCountry "USA"]
[SourceTitle "EXT 2024"]
[Source "ChessBase"]
[SourceDate "2023.10.10"]
[SourceVersion "1"]
[SourceVersionDate "2023.10.10"]
[SourceQuality "1"]

1. d4 d5 2. c4 e6 3. Nf3 Nf6 4. Nc3 c6 5. e3 Nbd7 6. Bd3 dxc4 7. Bxc4 b5 8. Bd3 Bb7 9. e4 b4 10. e5 bxc3 11. exf6 cxb2 12. fxg7 Bxg7 13. Bxb2 c5 14. 0-0 Rb8 15. Ba3 Qa5 16. Bxc5 Nxc5 17. dxc5 Bxa1 18. Qxa1 Ke7 19. Qd4 Bxf3 20. Qd6+ Kf6 21. Qf4+ Kg7 22. Qg3+ Bg4 23. Qxg4+ Kf8 24. Qd4 Rg8 25. Qd6+ Kg7 26. Qg3+ Kh8 27. Qe5+ f6 28. Qxf6+ Rg7 29. Rc1 Qd2 30. Qc3 Qxc3 31. Rxc3 Rc7 32. Be4 Rd8 33. g3 Rd4 34. Bf3 e5 35. Bg4 Kg7 36. Bf3 e4 37. Bh5 Rd5 0-1

[Event "Titled Tuesday intern op 18th Jul Early"]
[Site "Chess.com INT"]
[Date "2023.07.18"]
[Round "6"]
[White "Abel Mathewos, Tilahun"]
[Black "Clawitter, Craig"]
[Result "1-0"]
[WhiteElo "1953"]
[BlackElo "2050"]
[PlyCount "147"]
[EventDate "2023.07.18"]
[EventType "swiss (blitz)"]
[EventRounds "11"]
[EventCountry "USA"]
[SourceTitle "EXT 2024"]
[Source "ChessBase"]
[SourceDate "2023.10.10"]
[SourceVersion "1"]
[SourceVersionDate "2023.10.10"]
[SourceQuality "1"]

1. e4 e6 2. d4 d5 3. exd5 exd5 4. Nf3 Bd6 5. Bd3 Nc6 6. 0-0 Bg4 7. c3 Nge7 8. Bg5 f6 9. Bh4 Qd7 10. Nbd2 0-0-0 11. b4 Rde8 12. a4 g5 13. Bg3 Bxg3 14. hxg3 h5 15. a5 h4 16. gxh4 Bxf3 17. Qxf3 Rxh4 18. b5 Reh8 19. g3 Qh3 20. gxh4 Qxh4 21. Qg2 Nd8 22. Nf3 Qh5 23. Rfe1 Ng6 24. Bxg6 Qxg6 25. b6 a6 26. bxc7 Nf7 27. Re7 g4 28. Nh2 f5 29. Qxd5 Nd6 30. Qe6+ Qxe6 31. Rxe6 Ne4 32. Re7 Nxf2 33. Rae1 g3 34. Re8+ Rxe8 35. Rxe8+ Kxc7 36. Nf3 Ne4 37. Rf8 Nxc3 38. Rxf5 Nb5 39. d5 b6 40. axb6+ Kxb6 41. Rf6+ Kb7 42. d6 a5 43. d7 Kc7 44. Ne5 a4 45. Ra6 a3 46. Ra5 Nd6 47. Rxa3 Nb7 48. Rxg3 Kd6 49. Rd3+ Kxe5 50. d8Q Nxd8 51. Rxd8 Ke6 52. Rd4 Ke5 53. Ra4 Kd5 54. Kf2 Kc5 55. Ke3 Kb5 56. Rh4 Kc5 57. Kd3 Kb5 58. Kc3 Kc6 59. Rh5 Kd6 60. Kd4 Ke6 61. Ra5 Kf6 62. Ke4 Kg6 63. Kf4 Kh6 64. Kg4 Kg6 65. Ra6+ Kf7 66. Kf5 Ke8 67. Ke6 Kd8 68. Ra7 Kc8 69. Rh7 Kb8 70. Kd6 Ka8 71. Kc6 Kb8 72. Rg7 Ka8 73. Kb6 Kb8 74. Rg8# 1-0